000 00984nac a22002777a 4500
001 BR0703896
003 BR-BrBNA
005 20240105123439.0
008 230509b bl.|||m| |||| 00| 0 por d
040 _aBR-BrBNA
_bpor
_cBiblioteca Nacional de Agricultura
072 _aL73
090 _a5000 BR0703896
100 1 _aCorrea, O.
110 1 _aSecretaria de Estado dos Negócios da Agricultura, Indústria e Comércio, Porto Alegre, RS (Brasil). Secção de Informações e Publicidade Agrícola
245 1 _aHidatidose
260 3 _aPorto Alegre, RS (Brasil):
_c1954.
300 _a23 p.
490 _aSérie Educativa - Secretaria de Estado dos Negócios da Agricultura, Indústria e Comércio (Brazil)
_vno. 3
_x
500 _aDocumento microfilmado e tratado BR6006913
650 _aHIDATIDOSE
650 _aMAMÍFERO DOMÉSTICO
650 _aPROTOZOÁRIO
650 _aDOENÇA ANIMAL
909 _a202312
_bLúcia Elande
_c55
_dLúcia Elande
942 _2AGRIS
_n0
_cMS
999 _c295488
_d295488